000 00669cam a22002293a 4500
001 4907
003 PGUSA
005 20140828083111.0
008 040101s2004||||xxu|||||s|||||000 | eng d
040 _aPGUSA
_beng
042 _adc
050 4 _aQL
100 1 _aStratton-Porter, Gene,
_d1863-1924
245 1 0 _aMoths of the Limberlost :
_bA Book About Limberlost Cabin
_h[electronic resource] /
_cGene Stratton-Porter
260 _bProject Gutenberg,
_c2004
506 _aPublic domain in the USA.
516 _aElectronic text
653 _aMoths -- Indiana
830 0 _aProject Gutenberg
_v4907
856 4 0 _uhttp://www.gutenberg.org/ebooks/4907
942 _cEB
999 _c234236
_d234236